Busch Gardens Tampa Bay Roller Coaster Collection - Statistics

General Stats
  • This quiz has been taken 21 times
  • The average score is 8 of 12
Answer Stats
Picture Answer % Correct
Cheetah Hunt
100%
Iron Gwazi
100%
Montu
94%
Cobra's Curse
88%
Kumba
88%
SheiKra
82%
Tigris
76%
Air Grover
65%
Scorpion
65%
Pheonix Rising
35%
Sand Serpent
35%
Python
12%
No matching quizzes found
Score Distribution
Percent of People with Each Score
Percentile by Number Answered
Your Score History
You have not taken this quiz